[Event "DSJ Weihnachtsturnier U16: Lasker 2020"]
[Site ""]
[Date "2020.12.28"]
[Round "6"]
[White "Döding, Alexander"]
[Black "Stankovic, David"]
[Result "1/2-1/2"]
[Termination "normal"]
[Board "12.4"]
[WhiteElo "990"]
[BlackElo "1314"]
[WhiteTeam "Rhedaer Schachverein von 1931"]
[BlackTeam "OSG Baden-Baden 2"]
[PlyCount "32"]
[WhiteFideId "34614940"]
[BlackFideId "16240685"]
[EventRounds "7"]
[EventType "team-swiss"]
[EventDate "2020.12.28"]

1. e4 {[%emt 0:00:09]} e5 {[%emt 0:01:37] .} 2. Nf3 {[%emt 0:00:10]} Nc6 {[%emt
0:00:03] .} 3. Bc4 {[%emt 0:00:03]} Bc5 {[%emt 0:00:02] .} 4. c3 {[%emt
0:00:02]} d6 {[%emt 0:00:02] .} 5. d4 {[%emt 0:00:12]} exd4 {[%emt 0:00:02] .}
6. cxd4 {[%emt 0:00:04]} Bb6 {[%emt 0:00:01] .} 7. O-O {[%emt 0:00:05]} Nge7
{[%emt 0:00:03] .} 8. Bb5 {[%emt 0:00:24]} Bg4 {[%emt 0:00:02] .} 9. d5 {[%emt
0:00:06]} a6 {[%emt 0:00:03] .} 10. dxc6 {[%emt 0:00:03] } axb5 {[%emt
0:00:02]} 11. cxb7 {[%emt 0:00:01] .} Ra7 {[%emt 0:00:01] .} 12. b8=Q {[%emt
0:00:07]} Qxb8 {[%emt 0:00:03] .} 13. h3 {[%emt 0:00:20]} Bh5 { [%emt 0:00:05]
.} 14. Bf4 {[%emt 0:00:07]} O-O {[%emt 0:00:08] .} 15. Nbd2 { [%emt 0:00:13]}
Ra4 {[%emt 0:00:07] .} 16. b3 {[%emt 0:00:27]} Ra3 {[%emt 0:00:04] . Baden4-004
offers a draw} 1/2-1/2

[Event "DSJ Weihnachtsturnier U16: Lasker 2020"]
[Site ""]
[Date "2020.12.28"]
[Round "6"]
[White "Ramien, Hannah"]
[Black "Winkler, Yonathan"]
[Result "0-1"]
[Termination "time forfeit"]
[Board "13.1"]
[WhiteElo "1396"]
[BlackElo "1720"]
[WhiteTeam "Schachgemeinschaft Porz 2"]
[BlackTeam "Bielefelder Schachklub von 1883"]
[PlyCount "70"]
[WhiteFideId "16209982"]
[BlackFideId "16266080"]
[EventRounds "7"]
[EventType "team-swiss"]
[EventDate "2020.12.28"]

1. e4 {[%emt 0:00:02]} c5 {[%emt 0:00:02]} 2. Nc3 {[%emt 0:00:03]} e6 {[%emt
0:00:05]} 3. f4 {[%emt 0:00:03]} d5 {[%emt 0:00:07]} 4. d3 {[%emt 0:00:15]} Nc6
{ [%emt 0:00:05]} 5. Nf3 {[%emt 0:00:03]} d4 {[%emt 0:00:08]} 6. Ne2 {[%emt
0:00:25]} Nf6 {[%emt 0:00:01]} 7. Bd2 {[%emt 0:00:19]} Be7 {[%emt 0:00:05]} 8.
Nc1 { [%emt 0:00:10]} a5 {[%emt 0:00:35]} 9. Be2 {[%emt 0:00:14]} a4 {[%emt
0:00:04]} 10. a3 {[%emt 0:00:18]} O-O {[%emt 0:00:05]} 11. O-O {[%emt 0:00:06]}
b5 { [%emt 0:00:04]} 12. Qe1 {[%emt 0:00:22]} Bb7 {[%emt 0:00:05]} 13. Qg3
{[%emt 0:00:11]} Nh5 {[%emt 0:00:10]} 14. Qg4 {[%emt 0:00:18]} Nf6 {[%emt
0:00:05]} 15. Qg3 {[%emt 0:00:04]} Qc7 {[%emt 0:00:06]} 16. Qh3 {[%emt
0:01:51]} b4 {[%emt 0:00:13]} 17. Ng5 {[%emt 0:00:34]} h6 {[%emt 0:00:10]} 18.
Nf3 {[%emt 0:00:13]} Bc8 {[%emt 0:00:55]} 19. Nh4 {[%emt 0:02:03]} e5 {[%emt
0:00:05]} 20. f5 { [%emt 0:00:06]} Bb7 {[%emt 0:00:31]} 21. Nf3 {[%emt
0:00:23]} bxa3 {[%emt 0:00:08]} 22. bxa3 {[%emt 0:00:05]} Ba6 {[%emt 0:00:23]}
23. Bxh6 {[%emt 0:00:45]} gxh6 {[%emt 0:00:05]} 24. Qxh6 {[%emt 0:00:02]} Nh7
{[%emt 0:00:03]} 25. Nh4 { [%emt 0:00:25]} Bg5 {[%emt 0:00:23]} 26. Qh5 {[%emt
0:00:08]} Be3+ {[%emt 0:00:01]} 27. Kh1 {[%emt 0:00:03]} Nf6 {[%emt 0:00:06]}
28. Qf3 {[%emt 0:00:09]} Rab8 {[%emt 0:00:35]} 29. Qg3+ {[%emt 0:00:10]} Kh8
{[%emt 0:00:04]} 30. Nf3 { [%emt 0:00:29]} Rfc8 {[%emt 0:00:20]} 31. Qh4+
{[%emt 0:00:06]} Kg7 {[%emt 0:00:04]} 32. Ng5 {[%emt 0:00:06]} Rh8 {[%emt
0:00:07]} 33. Qg3 {[%emt 0:00:12]} Kf8 {[%emt 0:00:02]} 34. Nf3 {[%emt
0:00:04]} Ke7 {[%emt 0:00:16]} 35. Ng5 { [%emt 0:00:06]} Rbg8 {[%emt 0:00:08]
TimeW} 0-1

[Event "DSJ Weihnachtsturnier U16: Lasker 2020"]
[Site ""]
[Date "2020.12.28"]
[Round "6"]
[White "Rath, Mark"]
[Black "Borghini, Antoine"]
[Result "1-0"]
[Termination "normal"]
[Board "13.3"]
[WhiteElo "1184"]
[BlackElo "1384"]
[WhiteTeam "Schachgemeinschaft Porz 2"]
[BlackTeam "Bielefelder Schachklub von 1883"]
[PlyCount "57"]
[BlackFideId "34616144"]
[EventRounds "7"]
[EventType "team-swiss"]
[EventDate "2020.12.28"]

1. d4 {[%emt 0:00:05]} d5 {[%emt 0:00:04]} 2. c4 {[%emt 0:00:02]} e6 {[%emt
0:00:02]} 3. Bf4 {[%emt 0:00:03]} Nf6 {[%emt 0:00:06]} 4. e3 {[%emt 0:00:02]}
c5 {[%emt 0:00:02]} 5. cxd5 {[%emt 0:00:17]} Nxd5 {[%emt 0:00:04]} 6. Bg3 {
[%emt 0:00:15]} Be7 {[%emt 0:00:06]} 7. Bc4 {[%emt 0:00:16]} Nf6 {[%emt
0:00:04]} 8. Nc3 {[%emt 0:00:05]} Nc6 {[%emt 0:00:03]} 9. Nge2 {[%emt 0:00:06]}
cxd4 {[%emt 0:00:05]} 10. Nxd4 {[%emt 0:00:18]} Nxd4 {[%emt 0:00:08]} 11. Qxd4
{ [%emt 0:00:16]} Qxd4 {[%emt 0:00:02]} 12. exd4 {[%emt 0:00:03]} Bb4 {[%emt
0:00:02]} 13. O-O {[%emt 0:00:09]} O-O {[%emt 0:00:03]} 14. a3 {[%emt 0:00:13]}
Be7 {[%emt 0:00:06]} 15. Rfe1 {[%emt 0:00:22]} a6 {[%emt 0:00:03]} 16. d5 {
[%emt 0:00:03]} Re8 {[%emt 0:00:33]} 17. Rad1 {[%emt 0:00:20]} exd5 {[%emt
0:00:06]} 18. Bxd5 {[%emt 0:00:13]} Bf5 {[%emt 0:00:03]} 19. Bc4 {[%emt
0:00:31]} b5 {[%emt 0:00:30]} 20. Ba2 {[%emt 0:00:16]} Bc5 {[%emt 0:00:19]} 21.
b4 { [%emt 0:00:22]} Bb6 {[%emt 0:00:03]} 22. h3 {[%emt 0:00:30]} Rac8 {[%emt
0:00:10]} 23. Nd5 {[%emt 0:00:57]} Nxd5 {[%emt 0:00:05]} 24. Bxd5 {[%emt
0:00:14] Bielefd1-003 reconnected.} h6 {[%emt 0:00:21]} 25. Bb7 {[%emt 0:00:38]
Bielefd1-003 reconnected.} Rxe1+ {[%emt 0:06:53]} 26. Rxe1 {[%emt 0:00:07]} Rd8
{[%emt 0:00:03]} 27. Bxa6 {[%emt 0:00:13]} Rd3 {[%emt 0:00:06]} 28. a4 { [%emt
0:00:07]} bxa4 {[%emt 0:00:03]} 29. Bxd3 {[%emt 0:00:05] Arbiter Decision
(ClaimWin Time Overstepped), result=2} 1-0

[Event "DSJ Weihnachtsturnier U16: Lasker 2020"]
[Site ""]
[Date "2020.12.28"]
[Round "6"]
[White "Vervay, Leon"]
[Black "Parladi, Berk"]
[Result "0-1"]
[Termination "normal"]
[Board "13.4"]
[WhiteElo "1004"]
[BlackElo "1113"]
[WhiteTeam "Bielefelder Schachklub von 1883"]
[BlackTeam "Schachgemeinschaft Porz 2"]
[PlyCount "50"]
[EventRounds "7"]
[EventType "team-swiss"]
[EventDate "2020.12.28"]

1. e4 {[%emt 0:00:04]} e5 {[%emt 0:00:02]} 2. Nf3 {[%emt 0:00:03]} Nc6 { [%emt
0:00:04]} 3. Bc4 {[%emt 0:00:03]} Bc5 {[%emt 0:00:04]} 4. c3 {[%emt 0:00:03]}
d6 {[%emt 0:00:08]} 5. d3 {[%emt 0:00:03]} Na5 {[%emt 0:00:12]} 6. Bb3 { [%emt
0:00:10]} Nxb3 {[%emt 0:00:04]} 7. axb3 {[%emt 0:00:02]} Nf6 {[%emt 0:00:06]}
8. Bg5 {[%emt 0:00:08]} h6 {[%emt 0:00:07]} 9. Bh4 {[%emt 0:00:03]} Bg4 { [%emt
0:00:11]} 10. Nbd2 {[%emt 0:00:10]} b5 {[%emt 0:00:32]} 11. h3 {[%emt 0:00:08]}
Bh5 {[%emt 0:00:10]} 12. O-O {[%emt 0:00:17]} O-O {[%emt 0:00:05]} 13. Qc2
{[%emt 0:00:02]} d5 {[%emt 0:00:23]} 14. Nxe5 {[%emt 0:00:35]} dxe4 { [%emt
0:00:25]} 15. dxe4 {[%emt 0:00:06]} Be7 {[%emt 0:00:07]} 16. Nc6 { [%emt
0:00:37]} Qd6 {[%emt 0:00:15]} 17. Nxa7 {[%emt 0:00:19]} Qb6 {[%emt 0:00:20]}
18. e5 {[%emt 0:00:33]} Nd5 {[%emt 0:00:22]} 19. c4 {[%emt 0:00:15]} Bxh4
{[%emt 0:00:03]} 20. cxd5 {[%emt 0:00:03]} Rxa7 {[%emt 0:00:06]} 21. Rac1 {
[%emt 0:00:16]} Qd4 {[%emt 0:00:20]} 22. g3 {[%emt 0:00:41]} Bxg3 {[%emt
0:00:29]} 23. Kg2 {[%emt 0:00:20]} Bxe5 {[%emt 0:00:08]} 24. Rfe1 {[%emt
0:00:07]} Qxd5+ {[%emt 0:00:14]} 25. Kf1 {[%emt 0:00:17]} Qh1# {[%emt 0:00:07]}
0-1

[Event "DSJ Weihnachtsturnier U16: Lasker 2020"]
[Site ""]
[Date "2020.12.28"]
[Round "6"]
[White "Dittenberger, Nico"]
[Black "Schwandner, Clemens"]
[Result "0-1"]
[Termination "normal"]
[Board "14.1"]
[WhiteElo "1419"]
[BlackElo "1281"]
[WhiteTeam "SC Landskrone"]
[BlackTeam "SC 1951 Nordhausen"]
[PlyCount "44"]
[WhiteFideId "12996254"]
[EventRounds "7"]
[EventType "team-swiss"]
[EventDate "2020.12.28"]

1. e4 {[%emt 0:00:12]} e5 {[%emt 0:00:02]} 2. Nf3 {[%emt 0:00:02]} Nf6 { [%emt
0:00:02]} 3. Nc3 {[%emt 0:00:10]} Nc6 {[%emt 0:00:02]} 4. Bc4 {[%emt 0:00:02]}
Nxe4 {[%emt 0:00:10]} 5. Bxf7+ {[%emt 0:00:13]} Kxf7 {[%emt 0:00:19]} 6. Nxe4
{[%emt 0:00:01]} d5 {[%emt 0:00:01]} 7. Nfg5+ {[%emt 0:00:06]} Ke8 { [%emt
0:00:10]} 8. Qf3 {[%emt 0:00:10]} Qe7 {[%emt 0:00:32]} 9. Nc3 {[%emt 0:01:19]}
Qxg5 {[%emt 0:00:20]} 10. Nxd5 {[%emt 0:00:06]} Bd6 {[%emt 0:00:31]} 11. d4
{[%emt 0:00:06]} Qg4 {[%emt 0:00:19]} 12. Qxg4 {[%emt 0:00:40]} Bxg4 { [%emt
0:00:05]} 13. O-O {[%emt 0:00:00]} Rf8 {[%emt 0:00:09]} 14. dxe5 { [%emt
0:00:23]} Bxe5 {[%emt 0:00:05]} 15. Re1 {[%emt 0:00:09]} Kd7 {[%emt 0:00:04]}
16. c3 {[%emt 0:00:40]} Rae8 {[%emt 0:00:13]} 17. Be3 {[%emt 0:00:40]} Kd6
{[%emt 0:00:27]} 18. Nf4 {[%emt 0:00:57]} Bxf4 {[%emt 0:00:13]} 19. Bxf4+ {
[%emt 0:00:05]} Kd7 {[%emt 0:00:04]} 20. Bd2 {[%emt 0:00:24]} Rxe1+ {[%emt
0:00:10]} 21. Rxe1 {[%emt 0:00:05]} Re8 {[%emt 0:00:02] Nordhaus001
reconnected.} 22. Re2 {[%emt 0:01:10]} Rxe2 {[%emt 0:00:34]} 0-1

[Event "DSJ Weihnachtsturnier U16: Lasker 2020"]
[Site ""]
[Date "2020.12.28"]
[Round "6"]
[White "Kalina, Lena"]
[Black "Mund, Raphael"]
[Result "1-0"]
[Termination "normal"]
[Board "14.3"]
[WhiteElo "1585"]
[BlackElo "1128"]
[WhiteTeam "SC Landskrone"]
[BlackTeam "SC 1951 Nordhausen"]
[PlyCount "75"]
[WhiteFideId "12988014"]
[BlackFideId "34667164"]
[EventRounds "7"]
[EventType "team-swiss"]
[EventDate "2020.12.28"]

1. d4 {[%emt 0:00:03]} d5 {[%emt 0:00:03]} 2. c4 {[%emt 0:00:02]} Nf6 {[%emt
0:00:11]} 3. cxd5 {[%emt 0:00:05]} Nxd5 {[%emt 0:00:04]} 4. e4 {[%emt 0:00:01]}
Nb6 {[%emt 0:00:12]} 5. Nc3 {[%emt 0:00:05]} e6 {[%emt 0:00:15]} 6. Nf3 { [%emt
0:00:05]} Nc6 {[%emt 0:00:08]} 7. Bf4 {[%emt 0:00:09]} Bb4 {[%emt 0:00:28]} 8.
Bb5 {[%emt 0:00:14]} Bd7 {[%emt 0:00:07]} 9. O-O {[%emt 0:00:03]} a6 { [%emt
0:00:06]} 10. Be2 {[%emt 0:00:03]} O-O {[%emt 0:00:22]} 11. a3 {[%emt 0:00:03]}
Ba5 {[%emt 0:00:06]} 12. b4 {[%emt 0:00:10]} f5 {[%emt 0:00:26]} 13. e5 {[%emt
0:00:27]} Nd5 {[%emt 0:00:42]} 14. Nxd5 {[%emt 0:00:06]} exd5 {[%emt 0:00:11]}
15. bxa5 {[%emt 0:00:01]} Nxa5 {[%emt 0:00:07]} 16. Bd2 {[%emt 0:00:11] } Nc6
{[%emt 0:00:27]} 17. Qb3 {[%emt 0:00:06]} Rb8 {[%emt 0:00:21]} 18. Qxd5+ {[%emt
0:00:07]} Kh8 {[%emt 0:00:32]} 19. Bb4 {[%emt 0:00:27]} Re8 {[%emt 0:00:19]}
20. Qc4 {[%emt 0:00:34]} Be6 {[%emt 0:00:14]} 21. Qc3 {[%emt 0:00:14]} a5
{[%emt 0:00:28]} 22. Bxa5 {[%emt 0:00:18]} Nxa5 {[%emt 0:00:21]} 23. Qxa5 {
[%emt 0:00:03]} b6 {[%emt 0:00:10]} 24. Qc3 {[%emt 0:00:04]} Qd5 {[%emt
0:00:35]} 25. Ng5 {[%emt 0:00:38]} h6 {[%emt 0:00:19]} 26. Nxe6 {[%emt
0:00:03]} Rxe6 {[%emt 0:00:18]} 27. Rfc1 {[%emt 0:00:11]} Rc6 {[%emt 0:00:09]}
28. Qxc6 { [%emt 0:00:03]} Qxd4 {[%emt 0:00:12]} 29. Qxc7 {[%emt 0:00:04]} Qd2
{[%emt 0:00:00]} 30. Qxb8+ {[%emt 0:00:06]} Kh7 {[%emt 0:00:10]} 31. Bh5 {[%emt
0:00:05] } Qg5 {[%emt 0:00:29]} 32. Bf3 {[%emt 0:00:11]} Qg6 {[%emt 0:00:27]}
33. Rc6 { [%emt 0:00:09]} Qxc6 {[%emt 0:00:10]} 34. Bxc6 {[%emt 0:00:02]} Kg6
{[%emt 0:00:04]} 35. Qxb6 {[%emt 0:00:04]} Kh5 {[%emt 0:00:04]} 36. Be8+ {[%emt
0:00:02] } Kg4 {[%emt 0:00:05]} 37. Qd4+ {[%emt 0:00:07]} Kg5 {[%emt 0:00:04]}
38. h4# { [%emt 0:00:03]} 1-0

[Event "DSJ Weihnachtsturnier U16: Lasker 2020"]
[Site ""]
[Date "2020.12.28"]
[Round "6"]
[White "Schiebeck, Matteo"]
[Black "Müller, Riyanna"]
[Result "0-1"]
[Termination "normal"]
[Board "14.4"]
[WhiteElo "960"]
[BlackElo "1364"]
[WhiteTeam "SC 1951 Nordhausen"]
[BlackTeam "SC Landskrone"]
[PlyCount "82"]
[BlackFideId "16287401"]
[EventRounds "7"]
[EventType "team-swiss"]
[EventDate "2020.12.28"]

1. e4 {[%emt 0:00:06]} e5 {[%emt 0:00:02]} 2. Nf3 {[%emt 0:00:07]} Nc6 { [%emt
0:00:06]} 3. Bc4 {[%emt 0:00:04]} Bc5 {[%emt 0:00:05]} 4. O-O {[%emt 0:00:04]}
Nf6 {[%emt 0:00:06]} 5. d3 {[%emt 0:00:04]} d6 {[%emt 0:00:04]} 6. h3 { [%emt
0:00:04]} Be6 {[%emt 0:00:04]} 7. Bg5 {[%emt 0:00:08]} Bxc4 {[%emt 0:00:05]} 8.
dxc4 {[%emt 0:00:04]} h6 {[%emt 0:00:03]} 9. Bh4 {[%emt 0:00:03]} g5 { [%emt
0:00:02]} 10. Bg3 {[%emt 0:00:04]} Qd7 {[%emt 0:00:03]} 11. Nc3 {[%emt
0:00:08]} O-O-O {[%emt 0:00:25]} 12. Qd2 {[%emt 0:00:21]} Nd4 {[%emt 0:00:26]}
13. Nxd4 {[%emt 0:00:08]} Bxd4 {[%emt 0:00:03]} 14. Nb5 {[%emt 0:00:12]} Bb6 {
[%emt 0:00:28]} 15. Rad1 {[%emt 0:00:19]} Nxe4 {[%emt 0:00:31]} 16. Qd3 { [%emt
0:00:11]} Nxg3 {[%emt 0:00:12]} 17. Qxg3 {[%emt 0:00:32]} a6 {[%emt 0:00:32]}
18. Nc3 {[%emt 0:00:12]} f5 {[%emt 0:00:09]} 19. Qf3 {[%emt 0:00:36]} e4 {
[%emt 0:00:45]} 20. Qe2 {[%emt 0:00:28]} h5 {[%emt 0:00:41]} 21. g3 {[%emt
0:00:28]} Rde8 {[%emt 0:01:09]} 22. Rfe1 {[%emt 0:00:45]} Ba5 {[%emt 0:00:27]}
23. Kf1 {[%emt 0:00:47]} Bxc3 {[%emt 0:00:05]} 24. bxc3 {[%emt 0:00:07]} h4 {
[%emt 0:00:42] Nordhaus004 offers a draw} 25. g4 {[%emt 0:00:57]} fxg4 { [%emt
0:00:08]} 26. Qxg4 {[%emt 0:00:14]} Qxg4 {[%emt 0:00:02]} 27. hxg4 { [%emt
0:00:03]} h3 {[%emt 0:00:02]} 28. Kg1 {[%emt 0:00:23]} Kd7 {[%emt 0:00:05]} 29.
Rxe4 {[%emt 0:00:11]} Rxe4 {[%emt 0:00:04]} 30. Kh1 {[%emt 0:00:19]} Rxc4
{[%emt 0:00:03]} 31. Re1 {[%emt 0:00:23]} Rxc3 {[%emt 0:00:14]} 32. Kh2 { [%emt
0:00:07]} Rxc2 {[%emt 0:00:02]} 33. a3 {[%emt 0:00:11]} Rxf2+ {[%emt 0:00:11]}
34. Kg1 {[%emt 0:00:09]} h2+ {[%emt 0:00:22]} 35. Kh1 {[%emt 0:00:06]} c5
{[%emt 0:00:08]} 36. Rc1 {[%emt 0:00:10]} Kc6 {[%emt 0:00:09]} 37. Rb1 { [%emt
0:00:33]} b5 {[%emt 0:00:06]} 38. Rc1 {[%emt 0:00:10]} c4 {[%emt 0:00:03] } 39.
Rc3 {[%emt 0:00:06]} Rf1+ {[%emt 0:00:04]} 40. Kg2 {[%emt 0:00:04]} h1=Q+
{[%emt 0:00:01]} 41. Kg3 {[%emt 0:00:04]} Rh3# {[%emt 0:00:02]} 0-1

[Event "DSJ Weihnachtsturnier U16: Lasker 2020"]
[Site ""]
[Date "2020.12.28"]
[Round "7"]
[White "Weihrauch, Jakob"]
[Black "Pahl, Erik"]
[Result "1-0"]
[Termination "normal"]
[Board "1.1"]
[WhiteElo "2146"]
[BlackElo "2110"]
[WhiteTeam "Hamburger SK von 1830"]
[BlackTeam "Delmenhorster SK V 1931"]
[PlyCount "59"]
[WhiteFideId "16210115"]
[BlackFideId "16201272"]
[EventRounds "7"]
[EventType "team-swiss"]
[EventDate "2020.12.28"]

1. e4 {[%emt 0:00:04]} c5 {[%emt 0:00:04]} 2. Nf3 {[%emt 0:00:11]} d6 {[%emt
0:00:06]} 3. d4 {[%emt 0:00:01]} cxd4 {[%emt 0:00:00]} 4. Nxd4 {[%emt 0:00:05]}
Nf6 {[%emt 0:00:03]} 5. Nc3 {[%emt 0:00:04]} Bd7 {[%emt 0:00:01]} 6. Be2 {
[%emt 0:00:14]} e5 {[%emt 0:00:07]} 7. Ndb5 {[%emt 0:01:08]} Bc6 {[%emt
0:00:03]} 8. Nd5 {[%emt 0:00:16]} Nxd5 {[%emt 0:00:09]} 9. exd5 {[%emt
0:00:03]} Bd7 {[%emt 0:00:07]} 10. a4 {[%emt 0:01:11]} Be7 {[%emt 0:00:14]} 11.
c4 {[%emt 0:00:06]} O-O {[%emt 0:00:08]} 12. Be3 {[%emt 0:00:13]} a6 {[%emt
0:00:24]} 13. Nc3 {[%emt 0:00:06]} a5 {[%emt 0:00:02]} 14. Qb3 {[%emt 0:00:08]}
Na6 {[%emt 0:00:09]} 15. Nb5 {[%emt 0:00:21]} b6 {[%emt 0:00:09]} 16. O-O
{[%emt 0:00:22]} g5 {[%emt 0:00:24]} 17. g3 {[%emt 0:00:51]} Bh3 {[%emt
0:00:08]} 18. Rfe1 { [%emt 0:00:08]} f5 {[%emt 0:00:07]} 19. f4 {[%emt
0:00:05]} gxf4 {[%emt 0:00:03]} 20. gxf4 {[%emt 0:00:02]} Bh4 {[%emt 0:00:29]}
21. Bf2 {[%emt 0:00:14]} Bg4 {[%emt 0:00:28]} 22. h3 {[%emt 0:00:32]} Bxe2
{[%emt 0:00:08]} 23. Rxe2 { [%emt 0:00:09]} exf4 {[%emt 0:00:16]} 24. Bxh4
{[%emt 0:00:17]} Qxh4 {[%emt 0:00:16]} 25. Rg2+ {[%emt 0:00:02]} Kh8 {[%emt
0:00:45]} 26. Qc3+ {[%emt 0:00:02] } Rf6 {[%emt 0:00:01]} 27. Nxd6 {[%emt
0:00:03]} Raf8 {[%emt 0:00:57]} 28. Re1 {[%emt 0:00:20]} Qh5 {[%emt 0:00:14]}
29. Re6 {[%emt 0:00:32]} Qh6 {[%emt 0:00:31]} 30. Nxf5 {[%emt 0:00:40]} 1-0

[Event "DSJ Weihnachtsturnier U16: Lasker 2020"]
[Site ""]
[Date "2020.12.28"]
[Round "7"]
[White "Pahl, Theis"]
[Black "Garner, Isaac"]
[Result "1-0"]
[Termination "normal"]
[Board "1.2"]
[WhiteElo "2123"]
[BlackElo "2095"]
[WhiteTeam "Delmenhorster SK V 1931"]
[BlackTeam "Hamburger SK von 1830"]
[PlyCount "147"]
[WhiteFideId "16201264"]
[BlackFideId "16239261"]
[EventRounds "7"]
[EventType "team-swiss"]
[EventDate "2020.12.28"]

1. e4 {[%emt 0:02:44]} c5 {[%emt 0:00:12]} 2. Nf3 {[%emt 0:00:03]} e6 {[%emt
0:00:03]} 3. d4 {[%emt 0:00:02]} cxd4 {[%emt 0:00:00]} 4. Nxd4 {[%emt 0:00:01]}
Nc6 {[%emt 0:00:01]} 5. Nc3 {[%emt 0:00:10]} Qc7 {[%emt 0:00:07]} 6. f4 {[%emt
0:00:05]} Nxd4 {[%emt 0:00:05]} 7. Qxd4 {[%emt 0:00:03]} b6 {[%emt 0:00:00]} 8.
Bd2 {[%emt 0:00:07]} Bb7 { [%emt 0:00:02]} 9. Nb5 {[%emt 0:00:02]} Qb8 {[%emt
0:00:01]} 10. O-O-O { [%emt 0:00:15]} Nf6 {[%emt 0:00:07]} 11. e5 {[%emt
0:00:10]} Bc5 {[%emt 0:00:17]} 12. Qd3 {[%emt 0:00:09]} Nd5 {[%emt 0:03:12]}
13. c4 {[%emt 0:00:33]} Ne7 {[%emt 0:00:04]} 14. Be1 {[%emt 0:00:22]} Bc6
{[%emt 0:00:14]} 15. b4 {[%emt 0:00:15]} Bxb5 {[%emt 0:00:04]} 16. cxb5 {[%emt
0:00:07]} Nd5 {[%emt 0:00:02]} 17. bxc5 {[%emt 0:00:09]} bxc5 {[%emt 0:00:00]}
18. Qe4 {[%emt 0:00:33]} O-O { [%emt 0:00:11]} 19. f5 {[%emt 0:00:19]} Qd8
{[%emt 0:00:03]} 20. Bd3 {[%emt 0:00:29]} c4 {[%emt 0:00:19]} 21. Bxc4 {[%emt
0:00:15]} Rc8 {[%emt 0:00:04]} 22. Kb1 {[%emt 0:00:31]} Ne3 {[%emt 0:00:12]}
23. Qxe3 {[%emt 0:00:07]} Rxc4 { [%emt 0:00:02]} 24. Qb3 {[%emt 0:00:17]} Re4
{[%emt 0:00:15]} 25. Bb4 {[%emt 0:00:16]} Re8 {[%emt 0:00:05]} 26. Bd6 {[%emt
0:00:07]} Qg5 {[%emt 0:00:05]} 27. Qf3 {[%emt 0:00:14]} Rf4 {[%emt 0:00:13]}
28. Qd3 {[%emt 0:00:03]} Rxf5 { [%emt 0:00:05]} 29. g3 {[%emt 0:00:10]} f6
{[%emt 0:00:07]} 30. h4 {[%emt 0:00:21]} Qh5 {[%emt 0:00:06]} 31. Bc7 {[%emt
0:00:12]} Re7 {[%emt 0:00:15]} 32. Bd8 {[%emt 0:00:02]} Rf7 {[%emt 0:00:13]}
33. Bc7 {[%emt 0:00:19]} fxe5 {[%emt 0:00:11]} 34. Qe4 {[%emt 0:00:05]} d5
{[%emt 0:00:08]} 35. Qb4 {[%emt 0:00:04]} Rf3 {[%emt 0:00:09]} 36. Rc1 {[%emt
0:00:06]} Rxg3 {[%emt 0:00:12]} 37. Bxe5 { [%emt 0:00:10]} Qf5+ {[%emt
0:00:11]} 38. Rc2 {[%emt 0:00:06]} Rg2 {[%emt 0:00:04]} 39. Rhc1 {[%emt
0:00:09]} h6 {[%emt 0:00:46]} 40. Bb2 {[%emt 0:00:05]} Rg4 {[%emt 0:00:07]} 41.
Qb3 {[%emt 0:00:02]} Rxh4 {[%emt 0:00:03]} 42. Ka1 { [%emt 0:00:06]} Rf4 {[%emt
0:00:06]} 43. Rg2 {[%emt 0:00:08]} Rf1 {[%emt 0:00:07]} 44. Qc3 {[%emt
0:00:02]} Rxc1+ {[%emt 0:00:06]} 45. Bxc1 {[%emt 0:00:00]} Qf1 {[%emt 0:00:07]}
46. Rc2 {[%emt 0:00:06]} Kh7 {[%emt 0:00:12]} 47. Qc8 { [%emt 0:00:03]} Qf5
{[%emt 0:00:26]} 48. Qc3 {[%emt 0:00:07]} d4 {[%emt 0:00:03]} 49. Qb3 {[%emt
0:00:01]} e5 {[%emt 0:00:08]} 50. Rd2 {[%emt 0:00:02]} Rc7 {[%emt 0:00:14]} 51.
Bb2 {[%emt 0:00:04]} Qf1+ {[%emt 0:00:39]} 52. Rd1 { [%emt 0:00:02]} Qf5 {[%emt
0:00:01]} 53. a4 {[%emt 0:00:01]} Rd7 {[%emt 0:00:13]} 54. a5 {[%emt 0:00:03]}
d3 {[%emt 0:00:01]} 55. Qc3 {[%emt 0:00:07]} e4 { [%emt 0:00:04]} 56. Rg1
{[%emt 0:00:06]} Qf7 {[%emt 0:00:06]} 57. Qe5 {[%emt 0:00:07]} Re7 {[%emt
0:00:08]} 58. Qd4 {[%emt 0:00:04]} g5 {[%emt 0:00:06]} 59. Qh8+ {[%emt
0:00:03]} Kg6 {[%emt 0:00:01]} 60. Rh1 {[%emt 0:00:01]} Qf3 { [%emt 0:00:17]}
61. Rxh6+ {[%emt 0:00:04]} Kf5 {[%emt 0:00:00]} 62. Rf6+ { [%emt 0:00:02]} Kg4
{[%emt 0:00:00]} 63. Rxf3 {[%emt 0:00:00]} exf3 {[%emt 0:00:00]} 64. Qd4+
{[%emt 0:00:01]} Kh3 {[%emt 0:00:08]} 65. Qxd3 {[%emt 0:00:05] } Kg2 {[%emt
0:00:01]} 66. Bd4 {[%emt 0:00:04]} g4 {[%emt 0:00:03]} 67. Qf5 { [%emt
0:00:03]} g3 {[%emt 0:00:03]} 68. Qg5 {[%emt 0:00:10]} f2 {[%emt 0:00:03] } 69.
Bxf2 {[%emt 0:00:02]} Kxf2 {[%emt 0:00:03]} 70. Qxe7 {[%emt 0:00:00]} g2 {[%emt
0:00:00]} 71. Qg5 {[%emt 0:00:01]} g1=Q+ {[%emt 0:00:01]} 72. Qxg1+ { [%emt
0:00:01]} Kxg1 {[%emt 0:00:00]} 73. b6 {[%emt 0:00:00]} axb6 {[%emt 0:00:00]}
74. axb6 {[%emt 0:00:00] HSK03-002 gibt auf} 1-0